Is Your Mind really Yours?: (Record no. 205990)

MARC details
000 -LEADER
fixed length control field 00667nam a22002057a 4500
005 - DATE AND TIME OF LATEST TRANSACTION
control field 20240927154931.0
010 ## - LCCN (DPL NO)
LC control number ENG-141830
020 ## - INTERNATIONAL STANDARD BOOK NUMBER
Terms of availability 395.00
International Standard Book Number 9789386906045
035 ## - SYSTEM CONTROL NUMBER
System control number EN-125362
037 ## - SOURCE OF ACQUISITION
Source of stock number/acquisition DBAD/PUB
082 ## - DEWEY DECIMAL CLASSIFICATION NUMBER
Classification number 158.1
100 ## - MAIN ENTRY--PERSONAL NAME
Personal name SACHDEVA AJAY
245 ## - TITLE STATEMENT
Title Is Your Mind really Yours?:
Statement of responsibility, etc Break Free from the Shackles of a Programmed Life/
Remainder of title byAjay Sachdeva
250 ## - EDITION STATEMENT
Edition statement 1
260 ## - PUBLICATION, DISTRIBUTION, ETC. (IMPRINT)
Place of publication, distribution, etc New Delhi
Name of publisher, distributor, etc NIYOGI BOOKS
Date of publication, distribution, etc 2017
270 ## - ADDRESS
City New Delhi
Address Block D, Building No.77, Okhla Industrial Area, Phase-1
Postal code 110020
300 ## - PHYSICAL DESCRIPTION
Extent 179vpp.
Dimensions 21cm(pbk)
700 ## - ADDED ENTRY--PERSONAL NAME
Personal name Kunwar neelma
Relator term authour
9 (RLIN) 72136
942 ## - ADDED ENTRY ELEMENTS (KOHA)
Source of classification or shelving scheme Dewey Decimal Classification
Item type English Books
Classification part 158.1
Call number suffix SAC
Holdings
Withdrawn status Lost status Not for loan Collection code Home library Current library Date acquired Source of acquisition Cost, normal purchase price Full call number Barcode Copy number Cost, replacement price Koha item type
      Non-fiction Bawana Bawana 27/09/2024 DBAD 395.00 158.1 SAC EN-125362 1 395.00 English Books

© Delhi Public Library
Hit Counter
free hit counter